| 000 | 00571nam a2200169 i 4500 | ||
|---|---|---|---|
| 001 | bg | ||
| 100 | 1 | _aDRAGON, Andrzej | |
| 245 | 0 |
_aFenomenologiczne kryterium lokalnego zapoczątkowania makropękania w ośrodku plastyczno-kruchym (staloodpornym) / _cAndrzej Dragon. |
|
| 260 |
_aWarszawa, _c1980. |
||
| 490 | 1 |
_aPrace Instytutu Podstawowych Problemów Techniki PAN ; _v17 |
|
| 830 | _aPrace Instytutu Podstawowych Problemów Techniki PAN ; | ||
| 040 | _cBPK | ||
| 041 | _apol | ||
| 080 | _a624:539.3/.6 | ||
| 942 | _cKS | ||
| 008 | s pl f |000 0 pol | ||
| 999 |
_c20865 _d20865 |
||
| 856 |
_uhttp://koha.tu.koszalin.pl/cgi-bin/koha/opac-detail.pl?biblionumber=20865 _yKatalog online BPK |
||